Name The Starters on The 2023 Japan WBC Team - Statistics

General Stats
  • This quiz has been taken 22 times
  • The average score is 7 of 10
Answer Stats
Hint Answer % Correct
DH Shohei Ohtani
100%
3B Munetaka Murakami
90%
LF Masataka Yoshida
80%
1B Kazuma Okamoto
70%
SP Shota Imanaga
70%
RF Kensuke Kondo
65%
CF Lars Nootbaar
60%
SS Sosuke Genda
55%
C Yuhei Nakamura
45%
2B Tetsuto Yamada
35%
No matching quizzes found
Score Distribution
Percent of People with Each Score
Percentile by Number Answered
Your Score History
You have not taken this quiz